000 00599nam a2200229Ia 4500
003 OSt
005 20221007063629.0
006 a|||||r|||| 00| 0
007 ta
008 221006b |||||||| |||| 00| 0 eng d
024 _a24,185
037 _cTextual
040 _aFLL
_cFLL
_beng
041 _2eng
_aeng
082 _aZ2:31, L0;1
100 _aLahiri N.C.
_9245749
245 0 _aContracts of employment
260 _aCalcutta
_bEastern Law House India
_c1970
300 _axxxi,1-393p
_ccm.
942 _hZ2:31, L0;1
_cTEXL
_2CC
999 _c1131705
_d1131705